[Event "Ruhrgebiet Verbandsliga Gruppe 2 1718"]
[Site "Germany"]
[Date "2017.10.08"]
[Round "2.2"]
[White "Farazi, Khaiber"]
[Black "Brueggestrass, Volker"]
[Result "1-0"]
[WhiteElo "2064"]
[BlackElo "2021"]
[PlyCount "79"]
[EventDate "2017.09.17"]
[EventType "team-tourn"]
[EventRounds "9"]
[EventCountry "GER"]
[SourceTitle "EXT 2022"]
[Source "ChessBase"]
[SourceDate "2021.10.06"]
[SourceVersion "1"]
[SourceVersionDate "2021.10.06"]
[SourceQuality "1"]
[WhiteTeam "Hamm SV"]
[BlackTeam "Gerthe Werne"]
[WhiteTeamCountry "GER"]
[BlackTeamCountry "GER"]

1. Nf3 Nf6 2. g3 g6 3. Bg2 Bg7 4. 0-0 d5 5. c4 c6 6. d4 0-0 7. Nc3 Ne4 8. e3 Nxc3 9. bxc3 Qa5 10. cxd5 cxd5 11. Qb3 Nc6 12. Bd2 Qd8 13. Ne1 Be6 14. c4 dxc4 15. Qxb7 Bd5 16. Qb5 e6 17. Bc3 Bxg2 18. Nxg2 Qd5 19. Rab1 Ne7 20. Nf4 Qf3 21. Bb4 Rfb8 22. Qxc4 Nd5 23. Nxd5 exd5 24. Qd3 Bf6 25. Bd6 Rd8 26. Bc7 Re8 27. Rb3 Rac8 28. Rc1 h5 29. Rbc3 h4 30. Qd1 Qf5 31. g4 Qe4 32. h3 Bg5 33. Be5 Rxc3 34. Rxc3 f6 35. f3 Qxe3+ 36. Rxe3 Bxe3+ 37. Kf1 fxe5 38. Qd3 exd4 39. Qxg6+ Kf8 40. Qd6+ 1-0

[Event "WchT Amateur"]
[Site "Kaunas"]
[Date "2016.11.23"]
[Round "4.1"]
[White "Farazi, Khaiber"]
[Black "Pirrello, Christian"]
[Result "0-1"]
[WhiteElo "2095"]
[BlackElo "1978"]
[PlyCount "100"]
[EventDate "2016.11.20"]
[EventType "team-swiss"]
[EventRounds "9"]
[EventCountry "LTU"]
[SourceTitle "CBM 175 Extra"]
[Source "ChessBase"]
[SourceDate "2016.12.12"]
[SourceVersion "1"]
[SourceVersionDate "2016.12.12"]
[SourceQuality "1"]
[WhiteTeam "Afghanistan"]
[BlackTeam "Italy"]
[WhiteTeamCountry "AFG"]
[BlackTeamCountry "ITA"]

1. e4 e6 2. d4 d5 3. e5 c5 4. c3 Nc6 5. Nf3 Qb6 6. Bd3 cxd4 7. cxd4 Bd7 8. Bc2 Nb4 9. Nc3 Nxc2+ 10. Qxc2 Ne7 11. 0-0 Nc6 12. Be3 Be7 13. Na4 Qd8 14. Nc5 b6 15. Nxd7 Qxd7 16. Rfc1 Rc8 17. g4 0-0 18. Qe2 Na5 19. g5 Rxc1+ 20. Rxc1 Rc8 21. Rxc8+ Qxc8 22. b3 Nc6 23. Kg2 Nb4 24. Qb5 Qc6 25. Qxc6 Nxc6 26. Nd2 Ba3 27. Kf1 Nb4 28. Nb1 Bb2 29. Ke2 Nxa2 30. Kd2 Bc1+ 31. Kc2 Bxe3 32. fxe3 Nb4+ 33. Kc3 Nc6 34. Nd2 f6 35. exf6 gxf6 36. Nf3 Kf7 37. b4 b5 38. gxf6 Kxf6 39. Ne1 e5 40. Nd3 exd4+ 41. exd4 Kf5 42. Nc5 Nd8 43. Kd3 h5 44. Ke3 Ne6 45. Nxe6 Kxe6 46. Kf4 Kd6 47. h4 a5 48. bxa5 b4 49. a6 Kc6 50. a7 Kb7 0-1

[Event "Olympiad-42"]
[Site "Baku"]
[Date "2016.09.13"]
[Round "11.2"]
[White "Farazi, Khaiber"]
[Black "Ayyad, Maher"]
[Result "0-1"]
[WhiteElo "2097"]
[BlackElo "2076"]
[PlyCount "68"]
[EventDate "2016.09.02"]
[EventType "team-swiss"]
[EventRounds "11"]
[EventCountry "AZE"]
[SourceTitle "CBM 175"]
[Source "ChessBase"]
[SourceDate "2016.11.10"]
[SourceVersion "1"]
[SourceVersionDate "2016.11.10"]
[SourceQuality "1"]
[WhiteTeam "Afghanistan"]
[BlackTeam "Bahrain"]
[WhiteTeamCountry "AFG"]
[BlackTeamCountry "BHN"]

1. d4 d5 2. Nf3 Nf6 3. c4 e6 4. Nc3 c6 5. e3 Nbd7 6. a3 Bd6 7. Be2 0-0 8. 0-0 Qe7 9. Qc2 dxc4 10. e4 e5 11. Be3 exd4 12. Nxd4 Ne5 13. h3 Nd3 14. Bxd3 cxd3 15. Qxd3 Rd8 16. Qc2 Nh5 17. f4 Nxf4 18. Bxf4 Bxf4 19. Rxf4 Rxd4 20. Qf2 Rd3 21. Re1 Be6 22. e5 Rad8 23. Ne4 R8d5 24. Qxa7 h6 25. b4 Rd1 26. Rxd1 Rxd1+ 27. Kh2 Bd5 28. Qb8+ Kh7 29. Nc3 Rd2 30. Rg4 h5 31. Rg3 h4 32. Rg4 Be6 33. Re4 Qg5 34. Ne2 Bf5 0-1

[Event "Olympiad-40"]
[Site "Istanbul"]
[Date "2012.09.05"]
[Round "8.3"]
[White "Valdes, Rances"]
[Black "Farazi, Khaiber"]
[Result "0-1"]
[WhiteElo "2139"]
[BlackElo "2163"]
[PlyCount "138"]
[EventDate "2012.08.28"]
[EventType "team-swiss"]
[EventRounds "11"]
[EventCountry "TUR"]
[SourceTitle "CBM 151"]
[Source "ChessBase"]
[SourceDate "2012.11.13"]
[SourceVersion "1"]
[SourceVersionDate "2012.11.13"]
[SourceQuality "1"]
[WhiteTeam "Panama"]
[BlackTeam "Afghanistan"]
[WhiteTeamCountry "PAN"]
[BlackTeamCountry "AFG"]

1. Nf3 Nf6 2. c4 c6 3. Nc3 d5 4. d4 e6 5. e3 Nbd7 6. Qc2 Be7 7. b3 0-0 8. Bd3 Bd6 9. Bb2 e5 10. dxe5 Nxe5 11. Nxe5 Bxe5 12. h3 Qa5 13. 0-0 d4 14. exd4 Bxd4 15. Rad1 Rd8 16. Ne2 Bxb2 17. Qxb2 Qg5 18. Ng3 Be6 19. Rfe1 Rd7 20. Be2 Rad8 21. Rxd7 Rxd7 22. Rd1 Rxd1+ 23. Bxd1 h5 24. Qc3 Bxh3 25. gxh3 h4 26. Kh2 hxg3+ 27. fxg3 Ne4 28. Qd3 Nxg3 29. Qxg3 Qd2+ 30. Qg2 Qxd1 31. Qf2 Qd6+ 32. Kg2 c5 33. Qe3 Qg6+ 34. Kf3 Qc6+ 35. Kg3 Qd6+ 36. Kg2 g6 37. a3 Kg7 38. Qc3+ Qf6 39. Qd2 Qe5 40. Qf2 f5 41. Qd2 Qe4+ 42. Kg3 Qd4 43. Qe1 Kf6 44. Qa5 Kg5 45. Qc7 Qg1+ 46. Kf3 Qf1+ 47. Ke3 Qxh3+ 48. Ke2 Qg4+ 49. Kd3 Qe4+ 50. Kc3 Qd4+ 51. Kc2 Qf2+ 52. Kc3 Kg4 53. Qf7 g5 54. b4 Qe3+ 55. Kb2 f4 56. Qxb7 f3 57. bxc5 Qe2+ 58. Kb3 f2 59. Qg2+ Kf5 60. Qd5+ Kf4 61. Qd4+ Kg3 62. Qd6+ Kg2 63. Qd5+ Qf3+ 64. Kb4 Qxd5 65. cxd5 f1Q 66. c6 Qc1 67. Kb5 Qb2+ 68. Kc5 Qxa3+ 69. Kb5 Qd6 0-1

[Event "Olympiad-40"]
[Site "Istanbul"]
[Date "2012.08.30"]
[Round "3.3"]
[White "Warner, Delisle"]
[Black "Farazi, Khaiber"]
[Result "1-0"]
[WhiteElo "2204"]
[BlackElo "2163"]
[PlyCount "115"]
[EventDate "2012.08.28"]
[EventType "team-swiss"]
[EventRounds "11"]
[EventCountry "TUR"]
[SourceTitle "CBM 151"]
[Source "ChessBase"]
[SourceDate "2012.11.13"]
[SourceVersion "1"]
[SourceVersionDate "2012.11.13"]
[SourceQuality "1"]
[WhiteTeam "Barbados"]
[BlackTeam "Afghanistan"]
[WhiteTeamCountry "BAR"]
[BlackTeamCountry "AFG"]

1. d4 d5 2. c4 c6 3. Nf3 Nf6 4. Nc3 e6 5. Bg5 Be7 6. e3 Nbd7 7. cxd5 exd5 8. Qc2 0-0 9. Bd3 h6 10. Bf4 Re8 11. 0-0-0 a5 12. Nb5 Nc5 13. Nc7 Nxd3+ 14. Qxd3 Bg4 15. Nxa8 Qxa8 16. h3 Bh5 17. a3 Bg6 18. Qe2 c5 19. Kd2 cxd4 20. Nxd4 Bc5 21. Ke1 Bxd4 22. Rxd4 Rc8 23. e4 Bxe4 24. f3 Rc2 25. Qb5 Bf5 26. Bd2 Qa7 27. Rf4 Bd7 28. Qb3 Qc5 29. Kd1 Rc4 30. Rxc4 dxc4 31. Qe3 Ba4+ 32. Ke1 Qf5 33. Kf2 Bc6 34. Kg1 Qb1+ 35. Bc1 Nd5 36. Qd2 b5 37. Kh2 b4 38. axb4 axb4 39. Qd4 Qd3 40. Rd1 Qc2 41. Re1 c3 42. Qc5 Qg6 43. bxc3 bxc3 44. Re5 Nf6 45. Qxc3 Bd7 46. Bb2 Be6 47. Qd4 Qc2 48. Rc5 Qg6 49. Ra5 Kh7 50. Qe5 Qc2 51. f4 Qf2 52. f5 Bc4 53. Ra3 Qh4 54. Kg1 Bd5 55. Rd3 Be4 56. Rg3 Bc6 57. Rg4 Qh5 58. Rxg7+ 1-0

[Event "Central Asia Cup 1st"]
[Site "Tashkent"]
[Date "2011.10.22"]
[Round "5"]
[White "Farazi, Khaiber"]
[Black "Karimov, Ibragim"]
[Result "0-1"]
[WhiteElo "2163"]
[BlackElo "2313"]
[PlyCount "95"]
[EventDate "2011.10.18"]
[EventType "swiss"]
[EventRounds "9"]
[EventCountry "UZB"]
[SourceTitle "CBM 144 Extra"]
[Source "ChessBase"]
[SourceDate "2011.10.28"]
[SourceVersion "1"]
[SourceVersionDate "2011.10.28"]
[SourceQuality "1"]

1. e4 c5 2. Nf3 a6 3. a4 Nc6 4. d4 cxd4 5. Nxd4 Nf6 6. Nc3 e5 7. Nxc6 bxc6 8. Bc4 Bb7 9. Bg5 h6 10. Bxf6 Qxf6 11. Qf3 Qxf3 12. gxf3 a5 13. 0-0-0 Ba6 14. Bxa6 Rxa6 15. Rd3 Bc5 16. Nd1 Ke7 17. Ne3 g6 18. Rhd1 Ra7 19. Nc4 Ke6 20. R1d2 Rd8 21. Rb3 f5 22. Re2 d6 23. Rd3 Rf8 24. Nd2 d5 25. Nb3 Bb6 26. exd5+ cxd5 27. Nd4+ Bxd4 28. Rxd4 Rc8 29. Rh4 h5 30. f4 e4 31. Rh3 d4 32. Rb3 Rac7 33. Kb1 Rc4 34. Rb5 R8c5 35. Rb6+ Rc6 36. Rb5 Rxa4 37. b3 Rb4 38. Rxa5 d3 39. cxd3 Rxb3+ 40. Ka2 Rxd3 41. Re5+ Kf6 42. Re8 Rh3 43. Rb2 Rh4 44. Rf8+ Kg7 45. Ra8 Rxf4 46. Ra3 Rf3 47. Rxf3 exf3 48. Rb1 0-1

[Event "Olympiad-38"]
[Site "Dresden"]
[Date "2008.11.23"]
[Round "10"]
[White "Farazi, Khaiber"]
[Black "Kropff, Ricardo"]
[Result "0-1"]
[WhiteElo "2207"]
[BlackElo "2286"]
[PlyCount "128"]
[EventDate "2008.11.13"]
[EventType "team-swiss"]
[EventRounds "11"]
[EventCountry "GER"]
[SourceTitle "CBM 128"]
[Source "ChessBase"]
[SourceDate "2009.01.28"]
[SourceVersion "1"]
[SourceVersionDate "2009.01.28"]
[SourceQuality "1"]
[WhiteTeam "Afghanistan"]
[BlackTeam "Paraguay"]
[WhiteTeamCountry "AFG"]
[BlackTeamCountry "PAR"]

1. Nf3 d5 2. c4 e6 3. d4 Nf6 4. e3 Be7 5. b3 0-0 6. Bd3 c5 7. 0-0 cxd4 8. exd4 b6 9. Be3 Nbd7 10. Nbd2 Bb7 11. h3 Rc8 12. Qe2 Re8 13. Rfd1 Ne4 14. Rac1 Bd6 15. cxd5 Nc3 16. Rxc3 Rxc3 17. Ne4 Rxd3 18. Qxd3 Bb8 19. Neg5 Nf6 20. dxe6 fxe6 21. Ne5 Qd5 22. Ngf3 Rd8 23. Qc4 Rc8 24. Qxd5 Nxd5 25. Ne1 Nc3 26. Ra1 Ne2+ 27. Kh1 Rd8 28. N1f3 Bxe5 29. Nxe5 Nxd4 30. Rc1 Nb5 31. a4 Nd6 32. Rc7 h6 33. a5 bxa5 34. Bxa7 Bd5 35. Bb6 Rb8 36. Nd7 Rb7 37. Bxa5 Rxb3 38. Bb6 Rxh3+ 39. Kg1 Rh4 40. Bc5 Nf5 41. Ne5 Re4 42. Nf3 Rg4 43. Ne1 Bxg2 44. Nxg2 Nh4 45. Bd6 Rxg2+ 46. Kf1 Rg6 47. Bg3 Nf5 48. Be5 h5 49. Rc3 Rg4 50. f3 Ra4 51. Kg2 Rc4 52. Ra3 Rc2+ 53. Kh3 Re2 54. Bf4 Kf7 55. Bg5 Kg6 56. Bf4 Kf6 57. Ra8 Rf2 58. Ra3 g5 59. Bc1 Kg6 60. Rd3 Rxf3+ 61. Rxf3 g4+ 62. Kh2 gxf3 63. Kg1 e5 64. Bf4 exf4 0-1

[Event "Olympiad-38"]
[Site "Dresden"]
[Date "2008.11.22"]
[Round "9"]
[White "Espinosa Flores, Rafael Emilio"]
[Black "Farazi, Khaiber"]
[Result "1/2-1/2"]
[WhiteElo "2412"]
[BlackElo "2207"]
[PlyCount "104"]
[EventDate "2008.11.13"]
[EventType "team-swiss"]
[EventRounds "11"]
[EventCountry "GER"]
[SourceTitle "CBM 128"]
[Source "ChessBase"]
[SourceDate "2009.01.28"]
[SourceVersion "1"]
[SourceVersionDate "2009.01.28"]
[SourceQuality "1"]
[WhiteTeam "Mexico"]
[BlackTeam "Afghanistan"]
[WhiteTeamCountry "MEX"]
[BlackTeamCountry "AFG"]

1. e4 c5 2. c3 d5 3. exd5 Qxd5 4. d4 cxd4 5. cxd4 Nc6 6. Nf3 e5 7. Nc3 Bb4 8. Bd2 Bxc3 9. Bxc3 exd4 10. Nxd4 Nf6 11. Qe2+ Be6 12. Nxe6 Qxe6 13. Qxe6+ fxe6 14. Bc4 Nd5 15. Rc1 Nxc3 16. Rxc3 Ke7 17. 0-0 Rad8 18. Re1 Nd4 19. Rce3 Rd6 20. Bd3 g6 21. Rh3 Kf6 22. Rc1 Rd7 23. Bf1 Rhd8 24. Re3 h5 25. Rcc3 g5 26. h3 h4 27. Bd3 Rd6 28. Rc7 R6d7 29. Rc5 Rd5 30. Rc7 R5d7 31. Rc1 Rd5 32. Rce1 Rc5 33. Re4 e5 34. R4e3 a5 35. Be4 b5 36. Kh2 Rdc8 37. Bd3 b4 38. b3 Rc3 39. Bc4 Rc5 40. a4 Nc2 41. Rxc3 Nxe1 42. Re3 Nc2 43. Rf3+ Ke7 44. Rf7+ Kd6 45. Rf6+ Kc7 46. Bg8 Nd4 47. Rg6 e4 48. Rg7+ Kd6 49. Rg6+ Kc7 50. Rg7+ Kd6 51. Rg6+ Kc7 52. Rg7+ Kd6 1/2-1/2

[Event "Olympiad-38"]
[Site "Dresden"]
[Date "2008.11.19"]
[Round "6"]
[White "Farazi, Khaiber"]
[Black "Teerapabpaisit, Wisuwat"]
[Result "0-1"]
[WhiteElo "2207"]
[BlackElo "2306"]
[PlyCount "76"]
[EventDate "2008.11.13"]
[EventType "team-swiss"]
[EventRounds "11"]
[EventCountry "GER"]
[SourceTitle "CBM 128"]
[Source "ChessBase"]
[SourceDate "2009.01.28"]
[SourceVersion "1"]
[SourceVersionDate "2009.01.28"]
[SourceQuality "1"]
[WhiteTeam "Afghanistan"]
[BlackTeam "Thailand"]
[WhiteTeamCountry "AFG"]
[BlackTeamCountry "THA"]

1. Nf3 c5 2. e4 e6 3. d4 cxd4 4. Nxd4 a6 5. Nc3 b5 6. a3 Bb7 7. Bd3 Qc7 8. 0-0 Nf6 9. Qe2 Bd6 10. Nf3 Nc6 11. h3 Ne5 12. Nd4 Bc5 13. Nb3 Bb6 14. Be3 d6 15. Rad1 0-0 16. Kh1 Rac8 17. f4 Nc4 18. Bc1 g6 19. Bxc4 Nh5 20. Qe1 bxc4 21. Nd4 Qb8 22. f5 d5 23. e5 exf5 24. Nxf5 Rce8 25. Nd6 d4 26. Nxe8 Rxe8 27. Qf2 Qc7 28. Na4 Ba7 29. Bf4 Nxf4 30. Qxf4 Rxe5 31. b3 cxb3 32. cxb3 Re7 33. Rxd4 Bxd4 34. Qxd4 Re2 35. Rg1 Qg3 36. Qd8+ Kg7 37. Qd4+ Kh6 38. Qg4 Bxg2+ 0-1

[Event "Asia-chT 15th"]
[Site "Vishakapatnam"]
[Date "2008.01.05"]
[Round "3"]
[White "Neelotpal, Das"]
[Black "Farazi, Khaiber"]
[Result "1-0"]
[WhiteElo "2486"]
[BlackElo "2217"]
[PlyCount "37"]
[EventDate "2008.01.03"]
[EventType "team-tourn"]
[EventRounds "7"]
[EventCountry "IND"]
[SourceTitle "EXT 2020"]
[Source "ChessBase"]
[SourceDate "2019.10.17"]
[SourceVersion "1"]
[SourceVersionDate "2019.10.17"]
[SourceQuality "1"]
[WhiteTeam "India II"]
[BlackTeam "Afghanistan"]
[WhiteTeamCountry "IND"]
[BlackTeamCountry "AFG"]

1. e4 c6 2. d4 d5 3. e5 Bf5 4. Nf3 e6 5. Be2 c5 6. Be3 Qb6 7. Nc3 c4 8. Rb1 Nc6 9. 0-0 Nb4 10. Ne1 Qa5 11. Qc1 b5 12. a4 bxa4 13. Ra1 a3 14. Rxa3 Qc7 15. b3 Nd3 16. cxd3 cxd3 17. Nxd3 Bxa3 18. Qxa3 Qe7 19. Nc5 1-0